Fundamentals of soil science (Record no. 22354)

000 -LEADER
fixed length control field 00458cam a22001571 4500
020 ## - INTERNATIONAL STANDARD BOOK NUMBER
ISBN 0471522791
040 ## - CATALOGING SOURCE
Transcribing agency FMU
082 ## - DEWEY DECIMAL CLASSIFICATION NUMBER
Classification number 631 MIL 1943 C260 Or.
100 1# - MAIN ENTRY--AUTHOR NAME
Personal name Millar, Charles Ernest,
245 10 - TITLE STATEMENT
Title Fundamentals of soil science
260 ## - PUBLICATION, DISTRIBUTION, ETC. (IMPRINT)
Place of publication New York,
Name of publisher J. Wiley & sons, inc.;
Place of publication London,
Name of publisher Chapman & Hall, limited
Year of publication [1943]
300 ## - PHYSICAL DESCRIPTION
Number of Pages xi, 462 p.
Other physical details illus., maps (1 double) diagrs.
Dimensions 23 cm.
650 #0 - SUBJECT ADDED ENTRY--TOPICAL TERM
Topical Term Soils.
700 1# - ADDED ENTRY--PERSONAL NAME
Personal name Turk, L. M.
942 ## - ADDED ENTRY ELEMENTS (KOHA)
Koha item type ADB
952 ## - LOCATION AND ITEM INFORMATION (KOHA)
Withdrawn status [LOCAL, KOHA] 0
Holdings
Permanent Location Date acquired Koha item type Lost status Shelving location Barcode Current Location Full call number
Library Block C2023-12-06ADB C260a09798Library Block C631 MIL 1943 C260 Or.
មជ្ឈមណ្ឌលឯការនៃសាកលវិទ្យាល័យភូមិន្ទកសិកម្មចំការដូង

Powered by Koha